| 000 | 00892nam a22002417a 4500 | ||
|---|---|---|---|
| 001 | 22116 | ||
| 005 | 20260323174204.0 | ||
| 008 | 260323b |||||||| |||| 00| 0 spa d | ||
| 041 | _aESP | ||
| 082 |
_a330.01 _bV63 |
||
| 100 |
_aVidaurri Aguirre, Héctor Manuel _eAUT |
||
| 245 | _aIngeniería económica básica | ||
| 260 |
_a : _b , _c2013 |
||
| 300 |
_a269 páginas : _b ; _c24 cm. |
||
| 440 | _a ; | ||
| 650 | _aTCA | ||
| 654 | _aCIC | ||
| 700 | _a; | ||
| 856 |
_uhttps://itmsp.museknowledge.com/UCSP?url=https://www.ebooks7-24.com:443/?il=864&pg=1 _zVersión digital |
||
| 856 |
_uhttps://0u213trh2-y-https-ebooks7--24-com.itmsp.museknowledge.com/biblioteca.aspx _zVéase además: Base de datos Ebook7-24 |
||
| 856 |
_uhttps://0u21dtri2-y-https-ebooks-editorialmacro-com.itmsp.museknowledge.com/library _zVéase además: Base de datos Macro Digital |
||
| 942 |
_cLIB _dJUS _fJUS _2ddc |
||
| 999 |
_c22116 _d22116 |
||